Οι ελαιώνες του Αιγαίου : πρακτικά της επιστημονικής συνάντησης που έγινε στη Μυτιλήνη από 25-27/2/1988 υπό την αιγίδα του Υπουργού Αιγαίου
Αποθηκεύτηκε σε:
| Άλλοι συγγραφείς: | |
|---|---|
| Μορφή: | Βιβλίο |
| Γλώσσα: | Greek |
| Δημοσίευση: |
Μυτιλήνη :
Νομαρχία Λέσβου; Πανεπιστήμιο Αιγαίου; Υπουργείο Γεωργίας,
1988
|
| Θέματα: | |
| Ετικέτες: |
Προσθήκη ετικέτας
Δεν υπάρχουν, Καταχωρήστε ετικέτα πρώτοι!
|
MARC
| LEADER | 00000cam a2200000 i 4500 | ||
|---|---|---|---|
| 001 | 1/98175 | ||
| 008 | 950307s1988 gre d | ||
| 035 | |l 10010838 | ||
| 040 | |a GR-MY-UA |b gre |e aacr | ||
| 041 | 0 | |a gre | |
| 082 | 0 | |a 338.1 | |
| 245 | 1 | 3 | |a Οι ελαιώνες του Αιγαίου : |b πρακτικά της επιστημονικής συνάντησης που έγινε στη Μυτιλήνη από 25-27/2/1988 υπό την αιγίδα του Υπουργού Αιγαίου / |c Επιμέλεια έκδοσης: Κ. Κέντρος; Ν. Σ. Μάργαρης; Σ. Χοντζέας |
| 260 | |a Μυτιλήνη : |b Νομαρχία Λέσβου; Πανεπιστήμιο Αιγαίου; Υπουργείο Γεωργίας, |c 1988 | ||
| 300 | |a 465 σ. |b εικ. | ||
| 650 | 0 | 0 | |a Olive |z Aegean Islands (Greece and Turkey) |x Congresses. |
| 650 | 0 | 0 | |a Olive |z Aegean Islands (Greece and Turkey) |x Economic aspects |x Congresses. |
| 650 | 0 | 0 | |a Olive |z Aegean Islands (Greece and Turkey) |x Environmental aspects |x Congresses. |
| 650 | 0 | 0 | |a Olive industry and trade |z Aegean Islands (Greece and Turkey) |x Congresses. |
| 650 | 0 | |a Olive oil |z Aegean Islands (Greece and Turkey) |x Congresses. | |
| 650 | 0 | 0 | |a Olive oil industry |z Aegean Islands (Greece and Turkey) |x Congresses. |
| 700 | 1 | |a Μάργαρης, Νίκος Σ., |d 1943-2013. |4 edt | |
| 852 | |a INST |b LESVOS |e 19950307 |h 338.1 ΕΛΑ |p 005100002607 |q 005100002607 |t BK |y 0 | ||
| 852 | |a INST |b LESVOS |e 19950320 |h 338.1 ΕΛΑ |p 005100022844 |q 005100022844 |t BK |y 12 | ||
| 909 | |a Λ |b 013745 | ||
| 909 | |a Λ |b 013744 | ||
| 920 | |a ΔΩΡΕΑ ΒΙΒΛΙΟΘΗΚΗΣ |y ΛΕΣΒΟΣ |z 1989-01 | ||
| 970 | |z 1999/08/04 |a ΚΑΜΑΤΣΟΥ |b ΔΕΣΠΟΙΝΑ | ||